Capital Cities closest to Baghdad - Statistics

General Stats
  • This quiz has been taken 6 times
  • The average score is 17 of 20
Answer Stats
Kilometers Answer Miles % Correct
1376 Abu Dhabi 855
100%
808 Amman 502
100%
1262 Ankara 784
100%
827 Beirut 514
100%
753 Damascus 468
100%
989 Riyadh 615
100%
690 Tehran 429
100%
1358 Ashgabat 844
83%
1296 Cairo 805
83%
1126 Doha 700
83%
878 Jerusalem 546
83%
558 Kuwait City 347
83%
1748 Muscat 1086
83%
1034 Nicosia 642
83%
931 Tbilisi 578
83%
760 Yerevan 472
83%
918 Baku 570
67%
1990 Sana'a 1237
67%
1932 Athens 1200
50%
986 Manama 613
50%
No matching quizzes found
Score Distribution
Percent of People with Each Score
Percentile by Number Answered
Your Score History
You have not taken this quiz